Sports Quiz

Random Sports or Auto Racing Quiz

NASCAR Xfinity Series Champions Quiz Stats

 Plays Quiz not verified by Sporcle

Challenge
Share
Tweet
Embed
Score 0/36 Timer 10:00
0 Plays Today
Year Champion % Correct
2017William Byron
100%
2014Chase Elliott
97.9%
2009Kyle Busch
97.7%
2016Daniel Suarez
97.7%
1998Dale Earnhardt Jr.
97.4%
1999Dale Earnhardt Jr.
97.4%
2013Austin Dillon
95.8%
2007Carl Edwards
92.2%
2012Ricky Stenhouse Jr.
91.9%
2001Kevin Harvick
91.5%
2006Kevin Harvick
91.5%
2011Ricky Stenhouse Jr.
91.5%
2015Chris Buescher
90.5%
2010Brad Keselowski
87.9%
2004Martin Truex Jr.
86%
2005Martin Truex Jr.
86%
2002Greg Biffle
81.1%
1991Bobby Labonte
73.6%
Year Champion % Correct
2003Brian Vickers
72.6%
2008Clint Bowyer
70.7%
2000Jeff Green
68.7%
1992Joe Nemechek
67.8%
1994David Green
67.4%
1996Randy LaJoie
65.5%
1997Randy LaJoie
65.5%
1995Johnny Benson Jr.
58.3%
1983Sam Ard
57.7%
1984Sam Ard
57.7%
1982Jack Ingram
49.8%
1985Jack Ingram
49.8%
1986Larry Pearson
40.4%
1987Larry Pearson
40.4%
1993Steve Grissom
36.2%
1989Rob Moroso
35.8%
1990Chuck Bown
34.2%
1988Tommy Ellis
25.4%

You're not logged in!

Compare scores with friends on all Sporcle quizzes.
Join for Free
OR
Log In

You Might Also Like...

Show Comments

Extras

Top Quizzes Today


Score Distribution

Your Account Isn't Verified!

In order to create a playlist on Sporcle, you need to verify the email address you used during registration. Go to your Sporcle Settings to finish the process.

Report this User

Report this user for behavior that violates our Community Guidelines.

Details: